[Event "AUT-chT 2223"]
[Site "Austria"]
[Date "2023.04.14"]
[Round "10.2"]
[White "Svane, Rasmus"]
[Black "Kaphle, Sebastian"]
[Result "1-0"]
[WhiteElo "2619"]
[BlackElo "2358"]
[PlyCount "115"]
[EventDate "2022.11.03"]
[EventType "team-tourn"]
[EventRounds "11"]
[EventCountry "AUT"]
[SourceTitle "EXT 2024"]
[Source "ChessBase"]
[SourceDate "2023.10.10"]
[SourceVersion "1"]
[SourceVersionDate "2023.10.10"]
[SourceQuality "1"]
[WhiteTeam "Jenbach"]
[BlackTeam "Tschaturanga"]
[WhiteTeamCountry "AUT"]
[BlackTeamCountry "AUT"]

1. c4 Nf6 2. Nc3 e6 3. e4 d5 4. e5 d4 5. exf6 dxc3 6. bxc3 Qxf6 7. d4 b6 8. Be2 Bb7 9. Bf3 Bxf3 10. Nxf3 Bd6 11. Qa4+ c6 12. 0-0 0-0 13. Bg5 Qf5 14. Rab1 Bc7 15. Bh4 Rc8 16. Bg3 Nd7 17. Qxc6 Bxg3 18. Qxd7 Bf4 19. Qa4 Qd3 20. c5 g5 21. c4 g4 22. Rbd1 Qe4 23. Rfe1 Qc6 24. Qxc6 Rxc6 25. Ne5 Bxe5 26. Rxe5 bxc5 27. Rg5+ Kf8 28. Rxg4 Rd8 29. d5 exd5 30. cxd5 Rcd6 31. Rg5 c4 32. Kf1 c3 33. Rc1 Rc8 34. Ke2 c2 35. a3 Rc3 36. Rg3 Rxg3 37. hxg3 Rxd5 38. Rxc2 Ra5 39. Rc3 Ke7 40. g4 Ra4 41. Kf3 Kf6 42. Kg3 Kg5 43. f3 f6 44. Rd3 Kg6 45. Kh3 Ra5 46. f4 Ra4 47. g3 h5 48. gxh5+ Kxh5 49. g4+ Kg6 50. Kg3 Rc4 51. Rd6 Rc3+ 52. Kh4 Rxa3 53. g5 a5 54. Rxf6+ Kg7 55. Ra6 Ra1 56. Kh5 a4 57. Ra7+ Kf8 58. f5 1-0

[Event "AUT-chT2O 2122"]
[Site "Austria"]
[Date "2021.10.16"]
[Round "1.3"]
[White "Lipka, Juraj"]
[Black "Kaphle, Sebastian"]
[Result "0-1"]
[WhiteElo "2407"]
[BlackElo "2322"]
[PlyCount "108"]
[EventDate "2021.10.16"]
[EventType "team-tourn"]
[EventRounds "11"]
[EventCountry "AUT"]
[SourceTitle "CBM 204 Extra"]
[Source "ChessBase"]
[SourceDate "2021.11.30"]
[SourceVersion "1"]
[SourceVersionDate "2021.11.30"]
[SourceQuality "1"]
[WhiteTeam "Pamhagen II"]
[BlackTeam "Tschaturanga"]
[WhiteTeamCountry "AUT"]
[BlackTeamCountry "AUT"]

1. d4 Nf6 2. Nf3 d5 3. c4 e6 4. g3 Be7 5. Bg2 0-0 6. 0-0 dxc4 7. Qc2 a6 8. Qxc4 b5 9. Qc2 Bb7 10. Bg5 Nbd7 11. Bxf6 Nxf6 12. Nbd2 Rc8 13. Nb3 c5 14. dxc5 Ne4 15. Rfd1 Qc7 16. c6 Qxc6 17. Qxc6 Bxc6 18. Ne5 Bd5 19. Nd7 Rfe8 20. Nb6 Rc2 21. Nxd5 exd5 22. Rxd5 Bf8 23. Bxe4 Rxe4 24. Nd4 Rxb2 25. Rd8 g6 26. e3 Kg7 27. Ra8 Bc5 28. Nb3 Bxe3 29. fxe3 Rxe3 30. Rxa6 Ree2 31. Ra5 Rg2+ 32. Kf1 Rxh2 33. Kg1 Rbg2+ 34. Kf1 Rxg3 35. Rd1 Rgg2 36. Nd4 b4 37. Ra4 Rxa2 38. Rxa2 Rxa2 39. Rb1 Ra4 40. Nc2 h5 41. Nxb4 g5 42. Kf2 h4 43. Nd5 Rd4 44. Rb5 Re4 45. Kf3 Re1 46. Ne3 f6 47. Kf2 Ra1 48. Nf5+ Kg6 49. Ne7+ Kh5 50. Rb6 h3 51. Rxf6 h2 52. Nf5 Rf1+ 53. Kxf1 h1Q+ 54. Kf2 Qh2+ 0-1

[Event "AUT-chT2O 1920"]
[Site "Austria"]
[Date "2020.01.19"]
[Round "7.6"]
[White "Kaphle, Sebastian"]
[Black "Wandl, Werner"]
[Result "1-0"]
[WhiteElo "2191"]
[BlackElo "2021"]
[PlyCount "61"]
[EventDate "2019.10.19"]
[EventType "team-tourn"]
[EventRounds "11"]
[EventCountry "AUT"]
[SourceTitle "CBM 195 Extra"]
[Source "ChessBase"]
[SourceDate "2020.05.31"]
[SourceVersion "1"]
[SourceVersionDate "2020.05.31"]
[SourceQuality "1"]
[WhiteTeam "Tschaturanga"]
[BlackTeam "Pressbaum"]
[WhiteTeamCountry "AUT"]
[BlackTeamCountry "AUT"]

1. e4 e6 2. d4 d5 3. Nd2 Nf6 4. e5 Nfd7 5. Bd3 c5 6. c3 Nc6 7. Ne2 Qb6 8. Nf3 cxd4 9. cxd4 f6 10. 0-0 fxe5 11. dxe5 Ncxe5 12. Nxe5 Nxe5 13. Be3 Bc5 14. Nf4 0-0 15. Bxh7+ Kxh7 16. Bxc5 Qxc5 17. Qh5+ Kg8 18. Qxe5 Qb6 19. Ng6 Rf6 20. Qh5 Qxb2 21. Rac1 Rxg6 22. Qxg6 Bd7 23. Rc7 Qb5 24. Rb1 Qa4 25. h4 Rf8 26. Rbxb7 Qd4 27. Qg3 Rf4 28. Rxd7 Rg4 29. Qf3 Rf4 30. Rxg7+ Kf8 31. Qa3+ 1-0

[Event "Oberliga Nord W 1112"]
[Site "Germany"]
[Date "2011.12.11"]
[Round "4.2"]
[White "Kaphle, Sebastian"]
[Black "Clemens, Christian"]
[Result "1/2-1/2"]
[WhiteElo "2172"]
[BlackElo "2284"]
[PlyCount "40"]
[EventDate "2011.10.02"]
[EventType "team-tourn"]
[EventRounds "9"]
[EventCountry "GER"]
[SourceTitle "EXT 2013"]
[Source "ChessBase"]
[SourceDate "2012.11.22"]
[SourceVersion "1"]
[SourceVersionDate "2012.11.22"]
[SourceQuality "1"]
[WhiteTeam "Uelzen Post"]
[BlackTeam "Braunschweig Gliesmarode"]
[WhiteTeamCountry "GER"]
[BlackTeamCountry "GER"]

1. e4 d5 2. exd5 Nf6 3. d4 Nxd5 4. c4 Nb6 5. Nc3 e5 6. Qe2 Qxd4 7. Nf3 Qg4 8. Qxe5+ Qe6 9. Be2 Qxe5 10. Nxe5 Bd6 11. Nf3 Be6 12. b3 Nc6 13. Bb2 0-0-0 14. 0-0 f6 15. Nb5 Bc5 16. Rfd1 Bg4 17. Nfd4 Bxe2 18. Nxe2 Rxd1+ 19. Rxd1 Re8 20. Kf1 a6 1/2-1/2

[Event "GER-ch U16"]
[Site "Oberhof"]
[Date "2011.06.13"]
[Round "3"]
[White "Mons, Leon"]
[Black "Kaphle, Sebastian"]
[Result "1-0"]
[WhiteElo "2258"]
[BlackElo "2171"]
[PlyCount "69"]
[EventDate "2011.06.11"]
[EventType "swiss"]
[EventRounds "9"]
[EventCountry "GER"]
[SourceTitle "CBM 142 Extra"]
[Source "ChessBase"]
[SourceDate "2011.06.27"]
[SourceVersion "1"]
[SourceVersionDate "2011.06.27"]
[SourceQuality "1"]

1. d4 Nf6 2. Nf3 c5 3. d5 e6 4. c4 exd5 5. cxd5 d6 6. Nc3 g6 7. Bf4 Bg7 8. Qa4+ Bd7 9. Qb3 Qc7 10. e4 0-0 11. Nd2 Nh5 12. Be3 f5 13. exf5 Bxf5 14. Be2 Nf6 15. h3 Na6 16. 0-0 Nb4 17. Nb5 Qd8 18. Rac1 Re8 19. Nc4 Ne4 20. a3 a6 21. Nbxd6 Nxd6 22. axb4 Nxc4 23. Rxc4 Qxd5 24. bxc5 Qf7 25. Rb4 Qxb3 26. Rxb3 Be4 27. Rb6 Rad8 28. Rd1 Rxd1+ 29. Bxd1 Rd8 30. Bg4 h5 31. Bf3 Be5 32. Kf1 Bd3+ 33. Be2 Bxe2+ 34. Kxe2 Bd4 35. Rxg6+ 1-0

[Event "GER-ch U16"]
[Site "Oberhof"]
[Date "2011.06.12"]
[Round "2"]
[White "Kaphle, Sebastian"]
[Black "Hacker, Jonas"]
[Result "1-0"]
[WhiteElo "2171"]
[BlackElo "1765"]
[PlyCount "81"]
[EventDate "2011.06.11"]
[EventType "swiss"]
[EventRounds "9"]
[EventCountry "GER"]
[SourceTitle "CBM 142 Extra"]
[Source "ChessBase"]
[SourceDate "2011.06.27"]
[SourceVersion "1"]
[SourceVersionDate "2011.06.27"]
[SourceQuality "1"]

1. e4 c5 2. Nf3 d6 3. d4 cxd4 4. Nxd4 Nf6 5. Nc3 g6 6. Be3 Bg7 7. f3 0-0 8. Qd2 Nc6 9. g4 Nxd4 10. Bxd4 Be6 11. 0-0-0 Qa5 12. a3 Rfc8 13. h4 Rab8 14. h5 b5 15. hxg6 b4 16. gxh7+ Kh8 17. Nb1 Bb3 18. Bd3 Rc7 19. axb4 Qa1 20. Qe3 Rbc8 21. Bc3 Rxc3 22. bxc3 Nxg4 23. fxg4 Bxc3 24. Rdf1 Qb2+ 25. Kd1 Qxb1+ 26. Ke2 Qa2 27. Kf3 Be6 28. Rh5 Qa4 29. Rb5 Bf6 30. Rb7 Qc6 31. Rxa7 Qc3 32. Rb7 Re8 33. Rb5 Bd7 34. Rh5 Qxb4 35. Qa7 Be6 36. Qa5 Qb8 37. Qa6 Be5 38. Qb5 Qc8 39. Rxe5 Bxg4+ 40. Ke3 dxe5 41. Rxf7 1-0

[Event "GER-ch Net qual4 U18"]
[Site "Playchess.com INT"]
[Date "2011.05.11"]
[Round "5"]
[White "Kaphle, Sebastian"]
[Black "Miller, Eduard"]
[Result "1-0"]
[WhiteElo "2169"]
[BlackElo "2063"]
[PlyCount "109"]
[EventDate "2011.05.11"]
[EventType "swiss (blitz)"]
[EventRounds "7"]
[EventCountry "GER"]
[SourceTitle "CBM 142 Extra"]
[Source "ChessBase"]
[SourceDate "2011.06.27"]
[SourceVersion "1"]
[SourceVersionDate "2011.06.27"]
[SourceQuality "1"]

1. e4 e5 2. Bc4 Nc6 3. Nc3 Bc5 4. d3 Nf6 5. f4 d6 6. Nf3 0-0 7. Na4 Bg4 8. Nxc5 dxc5 9. c3 Qe7 10. 0-0 a6 11. a4 Rad8 12. Qe2 exf4 13. Bxf4 Ne5 14. Bxe5 Bxf3 15. Rxf3 Qxe5 16. Raf1 Rd7 17. Rf5 Qe8 18. Rxc5 b6 19. Rg5 Kh8 20. Bxa6 c6 21. Qf2 h6 22. Rf5 Ng4 23. Qg3 Nf6 24. Bc4 Kh7 25. e5 Nd5 26. Bxd5 Rxd5 27. Qe3 Qe6 28. Qe4 Kg8 29. c4 Ra5 30. b3 c5 31. Qb7 Raa8 32. Rxf7 Qxe5 33. Rxf8+ Rxf8 34. Qd5+ Qxd5 35. Rxf8+ Kxf8 36. cxd5 Ke7 37. Kf2 Kd6 38. Ke3 Kxd5 39. Kd2 Kd4 40. h4 h5 41. Kc2 Ke3 42. Kc3 Kf2 43. b4 cxb4+ 44. Kxb4 Kg3 45. Kb5 Kxh4 46. Kxb6 g5 47. a5 Kg3 48. a6 g4 49. a7 h4 50. a8Q Kh2 51. Qe4 h3 52. gxh3 g3 53. h4 g2 54. Qxg2+ Kxg2 55. h5 1-0

[Event "GER-ch Net qual3 U18"]
[Site "Playchess.com INT"]
[Date "2011.05.08"]
[Round "4"]
[White "Kaphle, Sebastian"]
[Black "Carow, Annelen"]
[Result "1-0"]
[WhiteElo "2234"]
[BlackElo "1919"]
[PlyCount "81"]
[EventDate "2011.05.08"]
[EventType "swiss (blitz)"]
[EventRounds "7"]
[EventCountry "GER"]
[SourceTitle "CBM 142 Extra"]
[Source "ChessBase"]
[SourceDate "2011.06.27"]
[SourceVersion "1"]
[SourceVersionDate "2011.06.27"]
[SourceQuality "1"]

1. e4 d5 2. exd5 Qxd5 3. Nc3 Qd6 4. d4 Nf6 5. g3 a6 6. Bg2 Nc6 7. Bf4 Qd8 8. Nge2 Bg4 9. 0-0 e6 10. d5 exd5 11. Nxd5 Nxd5 12. Bxd5 Bd6 13. f3 Bh3 14. Re1 0-0 15. Bxd6 Qxd6 16. Nf4 Qc5+ 17. Kh1 Bf5 18. c4 Rad8 19. Qe2 Nd4 20. Qe5 Qa7 21. Rad1 c5 22. Rxd4 cxd4 23. Qxf5 b5 24. b3 bxc4 25. bxc4 Qc7 26. Qe4 Qb6 27. Nh3 h6 28. Nf4 Kh8 29. Nd3 f5 30. Qf4 Qa5 31. Re2 Qb6 32. Ne5 Qb1+ 33. Kg2 Kh7 34. Qxd4 Qc1 35. Nc6 Rd7 36. Qe3 Qb1 37. Qe6 Rff7 38. Ne5 Rfe7 39. Qg6+ Kh8 40. Nf7+ Rxf7 41. Re8+ 1-0

[Event "GER-ch Net qual3 U18"]
[Site "Playchess.com INT"]
[Date "2011.05.08"]
[Round "7"]
[White "Kaphle, Sebastian"]
[Black "Hahn, Markus"]
[Result "0-1"]
[WhiteElo "2234"]
[BlackElo "1965"]
[PlyCount "158"]
[EventDate "2011.05.08"]
[EventType "swiss (blitz)"]
[EventRounds "7"]
[EventCountry "GER"]
[SourceTitle "CBM 142 Extra"]
[Source "ChessBase"]
[SourceDate "2011.06.27"]
[SourceVersion "1"]
[SourceVersionDate "2011.06.27"]
[SourceQuality "1"]

1. e4 c5 2. Nf3 e6 3. d4 cxd4 4. Nxd4 a6 5. Bd3 Nf6 6. 0-0 Qc7 7. c4 d6 8. Nc3 Nbd7 9. f3 b6 10. Be3 Bb7 11. Kh1 Be7 12. Bg1 0-0 13. Be2 Rac8 14. Nc2 Ne5 15. Ne3 Rfd8 16. Qb3 Ned7 17. Rfd1 Bc6 18. Rac1 Bf8 19. Qc2 Qb7 20. Qb1 b5 21. cxb5 axb5 22. Bf1 b4 23. Ne2 Bb5 24. Rxc8 Rxc8 25. Nd4 Bxf1 26. Rxf1 Qc7 27. b3 Qc3 28. Nc4 Ne5 29. Nb6 Rb8 30. Rc1 Qd2 31. Nc6 Nxc6 32. Rxc6 Nh5 33. Rc2 Qg5 34. Qd1 Qb5 35. Qd4 Nf6 36. Nc4 d5 37. exd5 Qxd5 38. Qxd5 Nxd5 39. Ne5 Ra8 40. Bc5 Bxc5 41. Rxc5 f6 42. Nd3 Rxa2 43. Kg1 Kf7 44. Nf2 Rb2 45. Ne4 Rxb3 46. Rb5 f5 47. Nd6+ Ke7 48. Nc4 Rc3 49. Rb7+ Kf6 50. Nd2 Rc2 51. Nb3 h6 52. Kf1 g5 53. Nd4 Rc4 54. Ne2 f4 55. Kf2 Ne3 56. g3 e5 57. gxf4 exf4 58. Rb6+ Kf5 59. Rxh6 Rc2 60. h4 b3 61. Rb6 b2 62. Ke1 Nc4 63. Nd4+ Ke5 64. Nc6+ Kd5 65. Ne7+ Kd4 66. Rb3 Ne3 67. Nf5+ Ke5 68. Nxe3 Rc1+ 69. Kd2 b1Q 70. Rxb1 Rxb1 71. Ng4+ Kf5 72. hxg5 Kxg5 73. Ke2 Rb2+ 74. Kd3 Kh4 75. Ne5 Kg3 76. Ke4 Re2+ 77. Kf5 Rxe5+ 78. Kxe5 Kxf3 79. Kf5 Ke3 0-1

[Event "GER-ch Net qual3 U18"]
[Site "Playchess.com INT"]
[Date "2011.05.08"]
[Round "3"]
[White "Kaphle, Sebastian"]
[Black "Moritz, Aron"]
[Result "1-0"]
[WhiteElo "2234"]
[BlackElo "1905"]
[PlyCount "71"]
[EventDate "2011.05.08"]
[EventType "swiss (blitz)"]
[EventRounds "7"]
[EventCountry "GER"]
[SourceTitle "CBM 142 Extra"]
[Source "ChessBase"]
[SourceDate "2011.06.27"]
[SourceVersion "1"]
[SourceVersionDate "2011.06.27"]
[SourceQuality "1"]

1. e4 c5 2. Nf3 d6 3. d4 cxd4 4. Nxd4 Nf6 5. Nc3 g6 6. Be3 Bg7 7. f3 Nc6 8. Qd2 0-0 9. g4 Be6 10. 0-0-0 Nxd4 11. Bxd4 Qa5 12. a3 Rfc8 13. h4 h5 14. gxh5 Nxh5 15. Bxg7 Kxg7 16. f4 Bc4 17. Qd4+ e5 18. Qxd6 Bxf1 19. Rhxf1 exf4 20. Qd4+ Kg8 21. Nd5 Rd8 22. Qe5 Qa4 23. Rg1 Rxd5 24. Rxd5 Rc8 25. c3 Ng3 26. Rgd1 Ne2+ 27. Kd2 Re8 28. Ra5 Qc6 29. Qd5 Qc7 30. Kxe2 f3+ 31. Kxf3 Qh2 32. Qg5 Qc2 33. Re1 Qd3+ 34. Kf2 Qd7 35. Re5 Rd8 36. Re2 1-0

[Event "GER-ch Net qual2 U18"]
[Site "Playchess.com INT"]
[Date "2011.05.04"]
[Round "2"]
[White "Florstedt, Johannes"]
[Black "Kaphle, Sebastian"]
[Result "0-1"]
[WhiteElo "1922"]
[BlackElo "2203"]
[PlyCount "64"]
[EventDate "2011.05.04"]
[EventType "swiss (blitz)"]
[EventRounds "7"]
[EventCountry "GER"]
[SourceTitle "CBM 142 Extra"]
[Source "ChessBase"]
[SourceDate "2011.06.27"]
[SourceVersion "1"]
[SourceVersionDate "2011.06.27"]
[SourceQuality "1"]

1. e4 c5 2. c3 Nf6 3. e5 Nd5 4. d4 cxd4 5. Nf3 e6 6. cxd4 d6 7. Bc4 Nb6 8. Bb3 Bd7 9. Nc3 Bc6 10. 0-0 N8d7 11. Be3 Be7 12. a3 0-0 13. Qd3 dxe5 14. dxe5 Bxf3 15. Bc2 g6 16. Bxb6 Nxb6 17. Qxf3 Nc4 18. Qxb7 Rb8 19. Qxa7 Rxb2 20. Rad1 Nd2 21. Be4 Bg5 22. f4 Be7 23. Na4 Ra2 24. Nc5 Qd4+ 25. Kh1 Bxc5 26. Qa5 Qxe4 27. Rxd2 Rxd2 28. Qxd2 Ra8 29. Qb2 Bxa3 30. Qb3 Bf8 31. h3 Ra3 32. Qb7 Rxh3+ 0-1

[Event "Oberliga Nord W 1011"]
[Site "Germany"]
[Date "2011.04.10"]
[Round "9.2"]
[White "Kaphle, Sebastian"]
[Black "David, Adrian"]
[Result "1/2-1/2"]
[WhiteElo "2152"]
[BlackElo "2304"]
[PlyCount "72"]
[EventDate "2010.10.10"]
[EventType "team-tourn"]
[EventRounds "9"]
[EventCountry "GER"]
[SourceTitle "EXT 2012"]
[Source "ChessBase"]
[SourceDate "2011.11.24"]
[SourceVersion "1"]
[SourceVersionDate "2011.11.24"]
[SourceQuality "1"]
[WhiteTeam "Uelzen Post"]
[BlackTeam "Hameln"]
[WhiteTeamCountry "GER"]
[BlackTeamCountry "GER"]

1. e4 c5 2. Nf3 e6 3. d4 cxd4 4. Nxd4 Nf6 5. Nc3 d6 6. Be3 a6 7. Be2 Nbd7 8. g4 h6 9. Qd2 b5 10. f3 Bb7 11. 0-0-0 b4 12. Na4 d5 13. exd5 Nxd5 14. Bc4 Qc7 15. Bb3 0-0-0 16. Kb1 N7f6 17. Qf2 Bd6 18. Ne2 Nxe3 19. Qxe3 Kb8 20. c3 bxc3 21. Rc1 Qa5 22. Rxc3 Qe5 23. Qxe5 Bxe5 24. Re3 Bc7 25. h3 Rd2 26. Rd1 Rxe2 27. Rxe2 Bxf3 28. Re3 Bxd1 29. Bxd1 Ka7 30. Bf3 Rb8 31. Rc3 Be5 32. Rc6 Rb4 33. b3 Ne4 34. Kc2 Rd4 35. Bxe4 Rxe4 36. Rxa6+ Kb8 1/2-1/2

[Event "Oberliga Nord W 1011"]
[Site "Germany"]
[Date "2010.10.24"]
[Round "2.2"]
[White "Clemens, Christian"]
[Black "Kaphle, Sebastian"]
[Result "0-1"]
[WhiteElo "2315"]
[BlackElo "2152"]
[PlyCount "186"]
[EventDate "2010.10.10"]
[EventType "team-tourn"]
[EventRounds "9"]
[EventCountry "GER"]
[SourceTitle "EXT 2012"]
[Source "ChessBase"]
[SourceDate "2011.11.24"]
[SourceVersion "1"]
[SourceVersionDate "2011.11.24"]
[SourceQuality "1"]
[WhiteTeam "Braunschweig Gliesmarode"]
[BlackTeam "Uelzen Post"]
[WhiteTeamCountry "GER"]
[BlackTeamCountry "GER"]

1. g3 Nf6 2. Bg2 g6 3. e4 d6 4. d4 Bg7 5. Nc3 0-0 6. Nge2 Nbd7 7. 0-0 c5 8. h3 a6 9. Be3 cxd4 10. Nxd4 Ne5 11. b3 Qc7 12. Qd2 Be6 13. Nd5 Bxd5 14. exd5 Ned7 15. c4 Rfc8 16. Rac1 Qd8 17. Rc2 a5 18. a3 Nb6 19. Rfc1 Nfd7 20. f4 Nf6 21. g4 h6 22. Bf3 Ra6 23. Qg2 Nbd7 24. b4 axb4 25. axb4 Ra4 26. Qd2 Nb6 27. h4 h5 28. g5 Nfd7 29. c5 dxc5 30. bxc5 Na8 31. Nb3 Nf8 32. d6 exd6 33. cxd6 Rxc2 34. Rxc2 Nb6 35. Na5 Ra1+ 36. Kg2 Nbd7 37. Nxb7 Qe8 38. Rc1 Rxc1 39. Qxc1 Qe6 40. Qd2 Qf5 41. Nd8 Ne6 42. Nc6 Qb1 43. Ne7+ Kh7 44. Bc6 Nef8 45. Bd5 Ne6 46. f5 gxf5 47. g6+ fxg6 48. Kf2 Nef8 49. Bg8+ Kh8 50. Bd4 f4 51. Qc3 Qb6 52. Bxb6 Bxc3 53. Bc7 Bf6 54. Kf3 Bxh4 55. Kxf4 Kg7 56. Bb3 Bf6 57. Nc6 Bc3 58. Ba5 Bxa5 59. Nxa5 Kf6 60. Nc6 g5+ 61. Kg3 Ng6 62. Bd1 h4+ 63. Kh3 Nde5 64. Nd4 Nf4+ 65. Kh2 Nd5 66. Bh5 Nb6 67. Nf3 Nxf3+ 68. Bxf3 Nc4 69. d7 Ke7 70. Kh3 Ne5 71. Be4 Kxd7 72. Bf5+ Kd6 73. Bc8 Kd5 74. Bf5 Kd4 75. Bc8 Ke3 76. Bb7 Kf4 77. Bc8 Nd3 78. Bd7 Ne5 79. Bc8 Nc4 80. Be6 Ne3 81. Bc8 Ke5 82. Bb7 Kf4 83. Bc8 Nf5 84. Bb7 g4+ 85. Kh2 Nd4 86. Bg2 Nf3+ 87. Kh1 Kg3 88. Bf1 Kf2 89. Bh3 g3 90. Bg2 Ne1 91. Bf1 g2+ 92. Bxg2 Nxg2 93. Kh2 Nf4 0-1

[Event "Oberliga Nord W 1011"]
[Site "Germany"]
[Date "2010.10.10"]
[Round "1.2"]
[White "Kaphle, Sebastian"]
[Black "Schuette, Marc"]
[Result "1-0"]
[WhiteElo "2152"]
[BlackElo "2261"]
[PlyCount "129"]
[EventDate "2010.10.10"]
[EventType "team-tourn"]
[EventRounds "9"]
[EventCountry "GER"]
[SourceTitle "EXT 2012"]
[Source "ChessBase"]
[SourceDate "2011.11.24"]
[SourceVersion "1"]
[SourceVersionDate "2011.11.24"]
[SourceQuality "1"]
[WhiteTeam "Uelzen Post"]
[BlackTeam "Oldenburg Union"]
[WhiteTeamCountry "GER"]
[BlackTeamCountry "GER"]

1. e4 e6 2. d4 d5 3. e5 c5 4. c3 Qb6 5. Nf3 Nc6 6. a3 Nh6 7. b4 cxd4 8. cxd4 Nf5 9. Bb2 Bd7 10. g4 Nfe7 11. Nc3 Na5 12. Na4 Qc6 13. b5 Qc7 14. Rc1 Nc4 15. Qb3 a6 16. b6 Bxa4 17. Qxa4+ Qd7 18. Qxd7+ Kxd7 19. Bxc4 dxc4 20. Nd2 c3 21. Bxc3 Nd5 22. Nc4 Rc8 23. Bd2 Rc6 24. Ke2 Be7 25. Kd3 Rhc8 26. a4 Nxb6 27. Nxb6+ Rxb6 28. Rb1 Rcc6 29. Ba5 Rxb1 30. Rxb1 Kc8 31. f4 g6 32. Bc3 b5 33. axb5 Rb6 34. d5 exd5 35. Kd4 Rxb5 36. Rxb5 axb5 37. Kxd5 Kd7 38. f5 gxf5 39. gxf5 Bf8 40. h3 Ba3 41. Bd4 Bf8 42. Bc5 Bh6 43. Bb4 Bg5 44. Kc5 Bf4 45. Bc3 Be3+ 46. Kxb5 Bf2 47. Kc4 Kc6 48. Bb4 Bh4 49. Bf8 Kd7 50. Kd5 h5 51. Ke4 Bg5 52. Bg7 Bc1 53. Kd5 Bd2 54. Bf6 Bc1 55. e6+ fxe6+ 56. fxe6+ Ke8 57. h4 Ba3 58. Ke4 Be7 59. Bxe7 Kxe7 60. Kf5 Ke8 61. Kf6 Kf8 62. Kg6 Ke7 63. Kxh5 Kf6 64. Kh6 Kxe6 65. Kg7 1-0

[Event "Oberliga Nord W 0910"]
[Site "Germany"]
[Date "2010.04.11"]
[Round "9.5"]
[White "Schulze, Torben"]
[Black "Kaphle, Sebastian"]
[Result "1-0"]
[WhiteElo "2212"]
[BlackElo "2122"]
[PlyCount "71"]
[EventDate "2009.10.18"]
[EventType "team-tourn"]
[EventRounds "9"]
[EventCountry "GER"]
[SourceTitle "EXT 2011"]
[Source "ChessBase"]
[SourceDate "2010.11.26"]
[SourceVersion "1"]
[SourceVersionDate "2010.11.26"]
[SourceQuality "1"]
[WhiteTeam "Hannover PSC"]
[BlackTeam "Uelzen Post"]
[WhiteTeamCountry "GER"]
[BlackTeamCountry "GER"]

1. e4 c5 2. Nc3 Nc6 3. f4 g6 4. Nf3 Bg7 5. Bc4 e6 6. f5 Nge7 7. fxe6 dxe6 8. 0-0 0-0 9. d3 Nd4 10. Nxd4 Qxd4+ 11. Kh1 Nc6 12. Qe1 Qd8 13. Qg3 Nd4 14. Rf2 Qa5 15. Bf4 b5 16. Bc7 Qa6 17. Bb3 Bd7 18. Be5 Bxe5 19. Qxe5 Nxb3 20. cxb3 b4 21. Ne2 Qxd3 22. Raf1 Rac8 23. Ng3 Qd4 24. Qg5 Bb5 25. Rd2 f6 26. Qh6 Qe5 27. Rfd1 f5 28. exf5 exf5 29. Ne2 Qg7 30. Qf4 Rfe8 31. Qf2 Qe5 32. Ng1 Qe3 33. Qh4 Kg7 34. Rd7+ Bxd7 35. Rxd7+ Kf8 36. Qf6+ 1-0

[Event "Oberliga Nord W 0910"]
[Site "Germany"]
[Date "2010.02.28"]
[Round "7.5"]
[White "Hummel, Dirk"]
[Black "Kaphle, Sebastian"]
[Result "1/2-1/2"]
[WhiteElo "2240"]
[BlackElo "2122"]
[PlyCount "51"]
[EventDate "2009.10.18"]
[EventType "team-tourn"]
[EventRounds "9"]
[EventCountry "GER"]
[SourceTitle "EXT 2011"]
[Source "ChessBase"]
[SourceDate "2010.11.26"]
[SourceVersion "1"]
[SourceVersionDate "2010.11.26"]
[SourceQuality "1"]
[WhiteTeam "Melle III"]
[BlackTeam "Uelzen Post"]
[WhiteTeamCountry "GER"]
[BlackTeamCountry "GER"]

1. d4 Nf6 2. Nf3 c5 3. d5 e6 4. Nc3 exd5 5. Nxd5 Nxd5 6. Qxd5 d6 7. e4 Nc6 8. Bg5 Qb6 9. Qb3 Qc7 10. Bc4 a6 11. Bd5 Nb4 12. 0-0 Nxd5 13. exd5 f6 14. Rfe1+ Kf7 15. Bd2 Bd7 16. a4 b6 17. c4 a5 18. Qd3 g6 19. Bc3 Bh6 20. Qe4 Rae8 21. Qh4 Rxe1+ 22. Rxe1 Bg7 23. Qf4 h6 24. h4 Re8 25. Rxe8 Bxe8 26. b3 1/2-1/2

[Event "Niedersachsen-ch"]
[Site "Verden"]
[Date "2010.01.05"]
[Round "8.3"]
[White "Kaphle, Sebastian"]
[Black "Lick, Patrick"]
[Result "1/2-1/2"]
[WhiteElo "2152"]
[BlackElo "2038"]
[PlyCount "54"]
[EventDate "2010.01.02"]
[EventType "swiss"]
[EventRounds "9"]
[EventCountry "GER"]
[SourceTitle "EXT 2012"]
[Source "ChessBase"]
[SourceDate "2011.11.24"]
[SourceVersion "1"]
[SourceVersionDate "2011.11.24"]
[SourceQuality "1"]

1. a3 Nf6 2. Nf3 e6 3. g3 b6 4. Bg2 Bb7 5. 0-0 Be7 6. c4 0-0 7. d3 c5 8. Nc3 d5 9. Qc2 d4 10. Na2 Qc7 11. h3 Nbd7 12. e3 dxe3 13. Bxe3 Rad8 14. Rfd1 Bxf3 15. Bxf3 Ne5 16. Bg2 Nc6 17. Nc3 a6 18. Ne2 Rd7 19. Rab1 Rfd8 20. Qc3 Ne8 21. b4 Bf6 22. Qb3 Nd4 23. Bxd4 Bxd4 24. Nxd4 Rxd4 25. bxc5 bxc5 26. Qa4 Nd6 27. Qxa6 Nxc4 1/2-1/2

[Event "Niedersachsen-ch"]
[Site "Verden"]
[Date "2010.01.03"]
[Round "4.4"]
[White "Laubsch, Bernd"]
[Black "Kaphle, Sebastian"]
[Result "0-1"]
[WhiteElo "2299"]
[BlackElo "2152"]
[PlyCount "78"]
[EventDate "2010.01.02"]
[EventType "swiss"]
[EventRounds "9"]
[EventCountry "GER"]
[SourceTitle "EXT 2012"]
[Source "ChessBase"]
[SourceDate "2011.11.24"]
[SourceVersion "1"]
[SourceVersionDate "2011.11.24"]
[SourceQuality "1"]

1. e4 c5 2. Nf3 e6 3. b3 Nc6 4. Bb2 d6 5. Bb5 Bd7 6. 0-0 a6 7. Bxc6 Bxc6 8. Re1 Nf6 9. e5 Ng4 10. exd6 Bxd6 11. h3 Nf6 12. d4 0-0 13. Ne5 Bxe5 14. dxe5 Nd5 15. Qg4 h5 16. Qxh5 Nf4 17. Qg4 Nxg2 18. Re4 Bxe4 19. Qxe4 Nh4 20. Nc3 Qg5+ 21. Kh1 Nf5 22. Rg1 Qh5 23. Qg2 Kh8 24. Ne4 Qh6 25. Qf3 Rad8 26. Bc1 Qh7 27. Ng5 Qh4 28. Rg4 Qh5 29. Be3 Nh6 30. Rg3 Qxf3+ 31. Rxf3 b6 32. Ne4 Nf5 33. Nc3 Rd7 34. Na4 Rb8 35. Rf4 Rd1+ 36. Kg2 Nxe3+ 37. fxe3 Rd2+ 38. Kf3 Rxc2 39. Rxf7 b5 0-1

[Event "Wch U14"]
[Site "Kemer"]
[Date "2009.11.22"]
[Round "11"]
[White "Ly, Daniel"]
[Black "Kaphle, Sebastian"]
[Result "1/2-1/2"]
[WhiteElo "2024"]
[BlackElo "2152"]
[PlyCount "82"]
[EventDate "2009.11.12"]
[EventType "swiss"]
[EventRounds "11"]
[EventCountry "TUR"]
[SourceTitle "EXT 2010"]
[Source "ChessBase"]
[SourceDate "2010.11.25"]
[SourceVersion "1"]
[SourceVersionDate "2010.11.25"]
[SourceQuality "1"]

1. e4 d5 2. exd5 Qxd5 3. Nc3 Qa5 4. Bc4 Nf6 5. Nf3 Bg4 6. h3 Bh5 7. 0-0 e6 8. d4 c6 9. Re1 Be7 10. Bd2 Qd8 11. Bf4 0-0 12. g4 Bg6 13. Qe2 Re8 14. Rad1 Nbd7 15. Bg3 Nb6 16. Bb3 a5 17. a4 Bb4 18. Ne5 Nfd5 19. Nxd5 exd5 20. c3 Bf8 21. Qd2 Qf6 22. Nxg6 hxg6 23. Be5 Qh4 24. Kg2 Nc4 25. Bxc4 dxc4 26. Re3 Qd8 27. Rde1 Qd5+ 28. Kg1 Re6 29. Bg3 Rxe3 30. Qxe3 c5 31. Qe5 Rd8 32. Qxd5 Rxd5 33. Re5 Rxe5 34. Bxe5 f6 35. Bc7 cxd4 36. cxd4 Bb4 37. Kg2 Kf7 38. Kf3 Ke6 39. Ke4 f5+ 40. Ke3 Kd5 41. f4 Kc6 1/2-1/2